Faz̤ā'il al-anām, min rasā'il Hujjat al-Islām, Zayn al-Dīn Abū Hāmid Muḥammad ibn Muḥammad ibn Ahmad Ghazzālī Ṭusī; bā muqaddimah va havāshī va tashīh-i Mu'ayyad.

Saved in:
நூற்பட்டியல் விவரங்கள்
தலைமை எழுத்தாளர்: Ghazzālī, 1058-1111.
மற்ற எழுத்தாளர்கள்: S̲abitī, Muʻayyad, (ed., Editor)
வடிவம்: புத்தகம்
மொழி:Persian
வெளியீடப்பட்டது: Tihrān Chāpkhanah-i Bānk-i Millī Irān] [1954] 1333
குறியீடுகள்: குறிச்சொல் இணை
குறியீடுகள் இல்லை, இந்த குறிச்சொல்லை முதலில் பதிவு செய்யுங்கள்!
LEADER 00745nam a2200205I 4500
001 006957872-9
005 20020606163548.3
008 810318s1954 ir 000 0 per d
035 0 |a ocm07234929 
040 |a RETROCON/NYGG (ZYU)  |c ZYU  |d HLS 
050 4 |a B753.G33  |b F3 
090 |a B753.G33  |b F3 
100 0 |a Ghazzālī,  |d 1058-1111. 
245 1 0 |a Faz̤ā'il al-anām, min rasā'il Hujjat al-Islām, Zayn al-Dīn Abū Hāmid Muḥammad ibn Muḥammad ibn Ahmad Ghazzālī Ṭusī;  |b bā muqaddimah va havāshī va tashīh-i Mu'ayyad. 
260 |a Tihrān  |b Chāpkhanah-i Bānk-i Millī Irān]  |c [1954] 1333 
300 |a 85 p.  |c 25 cm. 
700 1 |a S̲abitī, Muʻayyad,  |e ed. 
700 1 |a S̲abitī, Muʻayyad,  |e editor. 
988 |a 20020608 
906 |0 OCLC